Últimos coros para la tierra prometida : (Record no. 183258)

MARC details
000 -CABECERA
campo de control de longitud fija 00661nam a2200205 a 4500
005 - FECHA Y HORA DE LA ÚLTIMA TRANSACCIÓN
campo de control 20231101063708.0
008 - ELEMENTOS DE LONGITUD FIJA--INFORMACIÓN GENERAL
campo de control de longitud fija 160606s2014 mx r 000 0 spa d
020 ## - NÚMERO INTERNACIONAL NORMALIZADO PARA LIBROS
Número Internacional Estándar del Libro 9786074953763
035 ## - NÚMERO DE CONTROL DEL SISTEMA
Número de control de sistema UPN01000211157
049 ## - COLECCIÓN
Colección CG
050 #4 - SIGNATURA TOPOGRÁFICA DE LA BIBLIOTECA DEL CONGRESO
Número de clasificación PQ7250
Número de documento/Ítem U4.7
245 00 - MENCIÓN DE TÍTULO
Título Últimos coros para la tierra prometida :
Resto del título 40 poetas jóvenes del Estado de México /
Mención de responsabilidad, etc. antologador Sergio Ernesto Ríos.
260 ## - PUBLICACIÓN, DISTRIBUCIÓN, ETC.
Lugar de publicación, distribución, etc. Toluca :
Nombre del editor, distribuidor, etc. Gobierno del Estado de México :
-- FOEM,
Fecha de publicación, distribución, etc. 2014.
300 ## - DESCRIPCIÓN FÍSICA
Extensión 276 p.
440 #0 - MENCIÓN DE SERIE/ASIENTO SECUNDARIO--TÍTULO
Título Letras.
Nombre de parte o sección de la obra Poesía
650 #4 - ASIENTO SECUNDARIO DE MATERIA - TERMINO TEMATICO
Término de materia o nombre geográfico como elemento de entrada Poesía mexicana
9 (RLIN) 1273
700 1# - ASIENTO SECUNDARIO--NOMBRE DE PERSONAL
Nombre de persona Ríos, Sergio Ernesto,
Fechas asociadas al nombre 1981-
Término indicativo de función/relación comp.
9 (RLIN) 39499
905 ## - TIPO DE MATERIAL
Tipo de material Libro
Holdings
Estado de retiro Estado de pérdida Fuente del sistema de clasificación o colocación Estado dañado No para préstamo Código de colección Localización permanente Ubicación/localización actual Ubicación en estantería Total de préstamos Clasificación Código de barras Fecha visto por última vez Número de copia Tipo de ítem Koha
    Library of Congress Classification     Colección General Bib. Gregorio Torres Quintero Bib. Gregorio Torres Quintero Planta baja 1 PQ7250 U4.7 311479 31/12/2020 1 Libro